| 000 | 01728nam a2200325 a 4500 | ||
|---|---|---|---|
| 001 | 000013627 | ||
| 003 | DO-SdBNP | ||
| 005 | 20251120073732.0 | ||
| 007 | ta | ||
| 008 | 091126s1987 dr 000 0 spa d | ||
| 040 |
_aDO-SdBNP _bspa _cBNPHU |
||
| 082 | 4 |
_a342.729302 _bR426c, 1987 _222 |
|
| 110 | 1 |
_aRepública Dominicana. _9447 |
|
| 240 | 1 | 0 | _aConstitución (1966) |
| 245 | 1 | 0 |
_aConstitución comentada de la República Dominicana / _ccomentada por José Darío Suárez y Adriano Miguel Tejada. |
| 250 | _a3ª ed. | ||
| 260 |
_aSantiago de los Caballeros, República Dominicana : _bPUCMM : _bImpresora Teófilo, _c1987. |
||
| 300 |
_a95 p. ; : _b20 cm. |
||
| 490 | 1 | _aEstudios | |
| 505 | 0 |
_aPresentación / _rJosé Darío Suárez y Adriano Miguel Tejada -- _tDe la Nación, de su soberanía y de su gobierno -- _tDel Territorio -- _tDel régimen económico y social fronterizo -- _tDe los derechos individuales y sociales -- _tDe los deberes -- _tDerechos políticos -- _tDel Poder Ejecutivo -- _tDe la Cámara de Cuentas -- _tDel Distrito Nacional y de los municipios -- _tDel régimen de las provincias -- _tDe las Asambleas electorales -- _tDe las Fuerzas Armadas -- _tDisposiciones generales -- _tDe las Reformas Constitucionales -- _tDisposiciones transitorias -- |
|
| 590 | _aInventariado, 2018/ YL | ||
| 651 | 4 |
_aRepública Dominicana _xConstitución (1966) _910405 |
|
| 651 | 4 |
_aRepública Dominicana _xDerecho constitucional _99303 |
|
| 700 | 1 | 2 |
_aSuárez, José Darío, _epresent. _931031 |
| 700 | 1 | 2 |
_aTejada, Adriano Miguel _d1948-2020 _epresent. _98560 |
| 710 | 2 |
_aPontificia Universidad Católica Madre y Maestra _9843 |
|
| 830 | 0 |
_aEstudios _93854 |
|
| 910 | _aValidado. Control de calidad EMS | ||
| 942 |
_2ddc _cLBS1 |
||
| 999 |
_c13241 _d13241 |
||